| Registos Bibliográficos associados ao registo de autoridade |
|
Etiqueta de registo: 00254nam 2200025 450 001 2287494 003 http://id.bnportugal.gov.pt/bib/catbnp/2287494 010 ## $a978-989-589-768-1 021 ## $aPT$b561084/26 100 ## $a20260603d2026 c y0pory01030103ba 101 1# $apor$cfre 102 ## $aPT 105 ## $aa z 000yy 106 ## $ar 200 1# $aOh, não, mãe! que distraída!$fMarguerite Courtieu$gtrad. Lara Xavier 205 ## $a1ª ed 210 #9 $aLisboa$cNuvem de Letras,$d2026 215 ## $a[36] p.$cil.$d29 cm 304 ## $aTít. orig.: Décidément, cette maman! 700 #1 $aCourtieu,$bMarguerite$32000024 702 #1 $aXavier,$bLara,$f1971-$4730$31401583 801 #0 $aPT$bBN$gRPC 966 ## $lBN$mFGMON$x1 966 ## $lBN$mFGMON$x1 971 ## $cisantos$d20260603
|
|
|